| 000 | 00531nam a2200181Ia 4500 | ||
|---|---|---|---|
| 008 | 170510s9999 xx 000 0 und d | ||
| 100 | _aCharles Melvin Ess | ||
| 245 | _a Can we say anything ethical about Digital Religion? Philosophical and methodological considerations | ||
| 245 | _cCharles Melvin Ess | ||
| 260 | _bSAGE | ||
| 260 | _c2017 | ||
| 300 | _apages 34-42 ,January | ||
| 440 |
_aNew Media & Society _v19:1 |
||
| 650 | _aAuthority | ||
| 650 | _aCommunity | ||
| 650 | _aIdentity | ||
| 650 | _aRelational autonomy | ||
| 999 |
_c329842 _d329842 |
||